000 00500nam a2200181Ia 4500
005 20250326123855.0
008 250326s9999 xx 000 0 und d
037 _aTextbook
040 _aFMSL
_beng
_cFMSL
041 _aeng
_2eng
084 _aSNIx K7;4
_qFMSL
100 _aSrivastva S
_9127130
245 0 _aBehavioural science in management
_cSrivastva S
260 _aNew Delhi
_bNew Delhi, Asia
_c1967
300 _a326p
942 _cTB
_hSNIx K7;4
999 _c1271295
_d1271295